Interactive data visualization: foundations, techniques, and applications

Gardado en:
Detalles Bibliográficos
Main Authors: Ward, Matthew (Author), Grinstein, Georges (Author), Keim, Daniel (Author)
Formato: Libro
Idioma:inglés
Publicado: Boca Ratón CRC Press 2015
Edición:2a. ed
Subjects:
Tags: Engadir etiqueta
Sen Etiquetas, Sexa o primeiro en etiquetar este rexistro!

MARC

LEADER 00000cam a2200000 a 4500
001 UCD6118
003 CL-VaPUC
008 161118e20150000us |||||||||||||||||eng|d
020 |a 9781482257373 
082 0 4 |a 004.35  |b WAR  |2 21 
100 0 |a Ward, Matthew  |e author  |9 589789 
700 0 |a Grinstein, Georges  |e author  |9 589790 
700 0 |a Keim, Daniel  |e author  |9 589791 
245 1 0 |a Interactive data visualization: foundations, techniques, and applications 
250 |a 2a. ed 
300 |a 558 p 
942 |c BK 
945 |d 20161118 09:36:00  |a dcastane 
260 |a Boca Ratón  |b CRC Press  |c 2015 
650 0 |a Proceso de datos   |9 259776 
650 7 |a MULTIPROCESADORES  |2 CL-VaPUC  |9 384778 
650 0 |a Visualización  |9 336256 
583 |a last modification  |c 20161118 09:36:00  |k Rodrigo Vera 
999 |c 366499  |d 366497 
952 |0 0  |1 0  |3 erd  |4 0  |6 004_350000000000000_WAR_2015  |7 0  |8 A  |9 480771  |a BIBGIM  |b BIBGIM  |i 5349834  |o 004.35 WAR 2015  |p 5349834  |r 2025-01-15  |w 2019-11-24  |y BK  |z Catalogado en:20161118  |k EST 
952 |0 0  |1 0  |3 erd  |4 0  |6 004_350000000000000_WAR_2015  |7 0  |8 A  |9 480772  |a BIBGIM  |b BIBGIM  |i 5349826  |o 004.35 WAR 2015  |p 5349826  |r 2025-01-15  |w 2019-11-24  |y BK  |z Catalogado en:20161118  |k EST 
952 |0 0  |1 0  |3 erd  |4 0  |6 004_350000000000000_WAR_2015  |7 0  |8 A  |9 480773  |a BIBGIM  |b BIBGIM  |i 5349818  |o 004.35 WAR 2015  |p 5349818  |r 2025-01-15  |w 2019-11-24  |y BK  |z Catalogado en:20161118  |k EST 
952 |0 0  |1 0  |3 erd  |4 0  |6 004_350000000000000_WAR_2015  |7 0  |8 A  |9 480774  |a BIBGIM  |b BIBGIM  |i 534980K  |o 004.35 WAR 2015  |p 534980K  |r 2025-01-15  |w 2019-11-24  |y BK  |z Catalogado en:20161118  |k EST